| 000 -CABECERA |
| campo de control de longitud fija |
00771nam a2200241 u 4500 |
| 001 - NÚMERO DE CONTROL |
| campo de control |
000042398 |
| 005 - FECHA Y HORA DE LA ÚLTIMA TRANSACCIÓN |
| campo de control |
20200120222406.0 |
| 008 - DATOS DE LONGITUD FIJA--INFORMACIÓN GENERAL |
| campo de control de longitud fija |
101013s1985 ck r 000 0 spa d |
| 043 ## - CÓDIGO DE ÁREA GEOGRÁFICA |
| Código de área geográfica |
s-ck--- |
| 082 04 - NÚMERO DE LA CLASIFICACIÓN DECIMAL DEWEY |
| Número de clasificación |
851.1 |
| Número de documento/Ítem |
C17es |
| Número de edición |
21 |
| 100 1# - ENTRADA PRINCIPAL--NOMBRE DE PERSONA |
| Nombre de persona |
Caro, Miguel Antonio |
| 245 10 - MENCIÓN DE TÍTULO |
| Título |
Estudios Virgilianos : |
| Resto del título |
Primera serie / |
| Mención de responsabilidad, etc. |
Miguel Antonio Caro. |
| 250 ## - MENCIÓN DE EDICIÓN |
| Mención de edición |
1a. ed. |
| 260 ## - PUBLICACIÓN, DISTRIBUCIÓN, ETC. |
| Lugar de publicación, distribución, etc. |
Bogotá : |
| Nombre del editor, distribuidor, etc. |
Instituto Caro y Cuervo, |
| Fecha de publicación, distribución, etc. |
1985. |
| 300 ## - DESCRIPCIÓN FÍSICA |
| Extensión |
504 p. |
| 490 #0 - MENCIÓN DE SERIE |
| Mención de serie |
Biblioteca colombiana |
| -- |
24 |
| 490 #0 - MENCIÓN DE SERIE |
| Mención de serie |
Obras completas de Miguel Antonio Caro |
| -- |
4 |
| 500 ## - NOTA GENERAL |
| Nota general |
3 tomos Donación del Instituto Caro y Cuervo |
| 505 ## - NOTA DE CONTENIDO CON FORMATO |
| Información miscelánea |
Primera serie |
| -- |
Segunda serie |
| -- |
Tercera serie |
| 650 27 - PUNTO DE ACCESO ADICIONAL DE MATERIA--TÉRMINO DE MATERIA |
| Término de materia o nombre geográfico como elemento de entrada |
Crítica e interpretación |
| 650 27 - PUNTO DE ACCESO ADICIONAL DE MATERIA--TÉRMINO DE MATERIA |
| Término de materia o nombre geográfico como elemento de entrada |
Historia y crítica |
| 650 17 - PUNTO DE ACCESO ADICIONAL DE MATERIA--TÉRMINO DE MATERIA |
| Término de materia o nombre geográfico como elemento de entrada |
Literatura italina |